书目信息 |
| 题名: |
考研英语阅读理解精读100篇
|
|
| 作者: | 印建坤 编著 | |
| 分册: | ||
| 出版信息: | 北京 群言出版社 2014 |
|
| 页数: | 440页 | |
| 开本: | 26cm | |
| 丛书名: | 新东方大愚英语学习丛书 | |
| 单 册: | ||
| 中图分类: | H319.37-44 , H31 | |
| 科图分类: | ||
| 主题词: | 英语--阅读教学--硕士生--入学考试--习题集 | |
| 电子资源: | ||
| ISBN: | 978-7-80256-415-2 | |
| 000 | 01245oam2 2200313 450 | |
| 001 | 1539391016 | |
| 005 | 20150706105745.17 | |
| 010 | @a978-7-80256-415-2@dCNY38.00 | |
| 090 | @aH319.3@byjk | |
| 096 | @aH319.3@byjk | |
| 100 | @a20140403d2014 em y0chiy50 ea | |
| 101 | 0 | @achi@aeng |
| 102 | @aCN@b110000 | |
| 105 | @ay zq 000yy | |
| 106 | @ar | |
| 200 | 1 | @a考研英语阅读理解精读100篇@Akao yan ying yu yue du li jie jing du 100 pian@b专著@e高分版@f印建坤编著 |
| 205 | @a2版 | |
| 210 | @a北京@c群言出版社@d2014 | |
| 215 | @a440页@d26cm | |
| 225 | 2 | @a新东方大愚英语学习丛书 |
| 300 | @a新东方考研英语培训教材 考研系列 阅读类 | |
| 330 | @a本书为考研阅读理解想考高分的人量身定做。帮助英语基本功优秀的考生反复演练各种考试技巧,在大量练习之后提高解题速度,以期在阅读理解部分达到28分以上的水平。所选文章全部来自于英美国家的权威报纸杂志,题目的命制思路也是完全仿照了历年考试的真题,所有题目已经被多位曾参加过研究生入学考试的名校在读研究生反复检测。 | |
| 461 | 0 | @1001002901087 |
| 606 | 0 | @a英语@x阅读教学@x硕士生@x入学考试@j习题集 |
| 690 | @aH319.37-44@v5 | |
| 690 | @aH31@v4 | |
| 701 | 0 | @a印建坤@Ayin jian kun@4编著 |
| 801 | 0 | @aCN@b大连网信软件有限公司图书馆·11@c20150706 |
| 905 | @a213230@dH31@et10 | |
| 考研英语阅读理解精读100篇:高分版/印建坤编著 .-2版 .-北京:群言出版社,2014 |
| 440页;26cm .-(新东方大愚英语学习丛书 ) |
| 新东方考研英语培训教材 考研系列 阅读类 |
| ISBN 978-7-80256-415-2:CNY38.00 |
| 本书为考研阅读理解想考高分的人量身定做。帮助英语基本功优秀的考生反复演练各种考试技巧,在大量练习之后提高解题速度,以期在阅读理解部分达到28分以上的水平。所选文章全部来自于英美国家的权威报纸杂志,题目的命制思路也是完全仿照了历年考试的真题,所有题目已经被多位曾参加过研究生入学考试的名校在读研究生反复检测。 |
| ● |
| 相关链接 |
|
|
|
|
正题名:考研英语阅读理解精读100篇
索取号:H31/t10
 
预约/预借
| 序号 | 登录号 | 条形码 | 馆藏地/架位号 | 状态 | 备注 |
| 1 | 6940335 | 269403353 | 密集书库-体育系/ [索取号:H31/t10] | 在馆 | |
| 2 | 6940397 | 269403978 | 密集书库-体育系/ [索取号:H31/t10] | 在馆 |